000 00693nam a22002177a 4500
005 20250826103828.0
008 250826b |||||||| |||| 00| 0 eng d
020 _a978-0-415-61778-9(hbk)
037 _cREF
040 _aAL
_cAL
041 _2Eng
_aEnglish
084 _aW:(Y:425)g Q5(RR)
245 _aRoutledge handbook of political corruption
260 _aUK, London.
_bRoutledge
_c2015
300 _axiii, 366p.
365 _b11926.25
_cINR
650 _2POLITICAL SCIENCE
700 _aHeywood, Pal.M.
_eEditor.
_9818860
942 _2CC
_cREF
_hW:(Y:425)g Q5
_n0
999 _c1434881
_d1434881